[Event "51st World Juniors"]
[Site "Athens GRE"]
[Date "2012.08.05"]
[Round "4.36"]
[White "Ghosh, Diptayan"]
[Black "Ashiku, Franc"]
[Result "1-0"]
[WhiteTitle "FM"]
[WhiteElo "2417"]
[BlackElo "2152"]
[WhiteFideId "5045207"]
[BlackFideId "4700066"]
[EventDate "2012.08.02"]

1. c4 Nf6 2. g3 e6 3. Bg2 d5 4. d4 dxc4 5. Nf3 a6 6. Ne5 Be7 7. O-O O-O 8. Nxc4
Nc6 9. e3 Bd7 10. Nc3 Rb8 11. Qe2 b5 12. Ne5 Na5 13. Rd1 Qc8 14. Bd2 b4 15. Nxd7
Qxd7 16. Ne4 Qb5 17. Nxf6+ gxf6 18. Qg4+ Qg5 19. Qf3 Nc4 20. Bc1 Nd6 21. e4 Qg6
22. Bf4 f5 23. e5 Nb5 24. d5 Rbd8 25. Be3 Qg4 26. Qxg4+ fxg4 27. Rac1 exd5 28.
Bxd5 c5 29. Bxc5 Bxc5 30. Rxc5 Rfe8 31. Re1 Kg7 32. Kg2 h5 33. Bc6 Rc8 34. Rec1
Red8 35. Bxb5 Rxc5 36. Rxc5 axb5 37. Rxb5 Rd4 38. Rb6 Re4 39. Kf1 Kf8 40. Rf6
Rxe5 41. Rf4 Ra5 42. Rxb4 Rxa2 43. Rb5 Ke7 44. Kg2 Kd6 45. b4 Rb2 46. Rxh5 Rxb4
47. Rf5 Ke6 48. Rf4 Rxf4 49. gxf4 f5 50. f3 Kf6 51. Kg3 1-0

[Event "51st World Juniors"]
[Site "Athens GRE"]
[Date "2012.08.05"]
[Round "4.37"]
[White "Caetano, Hugo Zanotti Mendonca"]
[Black "Mazur, Stefan"]
[Result "1-0"]
[BlackTitle "IM"]
[WhiteElo "2109"]
[BlackElo "2394"]
[WhiteFideId "2119420"]
[BlackFideId "14909332"]
[EventDate "2012.08.02"]

1. d4 d5 2. c4 e6 3. Nf3 Nf6 4. Nc3 c6 5. cxd5 exd5 6. Bg5 Be7 7. e3 Bf5 8. Bd3
Bxd3 9. Qxd3 Nbd7 10. O-O O-O 11. Rfe1 Re8 12. Rab1 a5 13. Bxf6 Nxf6 14. h3 Bd6
15. e4 dxe4 16. Nxe4 Nxe4 17. Rxe4 Rxe4 18. Qxe4 Qe7 19. Qd3 Rd8 20. Qb3 g6 21.
Kf1 Qd7 22. Rd1 Bb8 23. Qb6 Qc7 24. Qc5 Rd5 25. Qa3 Qd7 26. Re1 Bd6 27. Qe3 Kg7
28. Qe8 Qf5 29. a3 Qc2 30. Qe2 Qb3 31. Rd1 Rb5 32. Rd2 Qa2 33. g3 Qd5 34. Rd3 a4
35. Kg2 Qa2 36. Rd2 Qd5 37. Rd3 Qf5 38. Rc3 h5 39. Qc2 Qxc2 40. Rxc2 Kf6 41. Re2
Kg7 42. Rc2 Be7 43. Kf1 Kf8 44. Ke2 Bf6 45. Kd3 Rb3+ 46. Ke2 Ke7 47. Nd2 Rb5 48.
Kd3 Kd7 49. Ne4 Be7 50. Nc3 Rb3 51. Ke2 b5 52. Ne4 b4 53. Nd2 bxa3 54. Nxb3 axb3
55. Rc1 Bf6 56. bxa3 Bxd4 57. f3 c5 58. Kd3 Kc6 59. Kc4 b2 60. Rd1 Kb6 61. a4
Ka5 62. Kb3 Bg7 63. g4 hxg4 64. hxg4 Bf6 65. Kc2 Kxa4 66. Rd7 Bd4 67. Rxf7 g5
68. f4 gxf4 69. Rxf4 Ka3 70. Rf8 Kb4 71. g5 c4 72. Rb8+ Ka3 73. g6 c3 74. Rb7
Ka2 75. g7 b1=Q+ 76. Rxb1 Bxg7 77. Rb7 Bd4 78. Rb4 1-0

[Event "51st World Juniors"]
[Site "Athens GRE"]
[Date "2012.08.05"]
[Round "4.38"]
[White "Anwesh, Upadhyaya"]
[Black "Nadirashvili, Shalva"]
[Result "1/2-1/2"]
[WhiteTitle "IM"]
[WhiteElo "2374"]
[BlackElo "2151"]
[WhiteFideId "5028949"]
[BlackFideId "13601512"]
[EventDate "2012.08.02"]

1. c4 c5 2. g3 g6 3. Bg2 Bg7 4. Nc3 Nc6 5. Nf3 d6 6. O-O Bd7 7. a3 Qc8 8. Rb1
Bh3 9. Bxh3 Qxh3 10. b4 cxb4 11. Nd5 Qd7 12. axb4 e6 13. Ne3 Nf6 14. Bb2 O-O 15.
Qb3 Rfc8 16. Rfc1 a6 17. Bc3 b5 18. Qb2 e5 19. d3 Qe6 20. Ng5 Qe7 21. cxb5 axb5
22. Ne4 Qe6 23. Ng5 Qa2 24. Ne4 Nxe4 25. dxe4 Bh6 26. Qxa2 Rxa2 27. Rc2 Nxb4 28.
Bxb4 Rcxc2 29. Nxc2 Rxc2 30. Bxd6 Rc1+ 31. Rxc1 Bxc1 32. Kf1 f6 33. e3 Bd2 34.
Ke2 Ba5 35. f4 exf4 36. exf4 Kf7 37. f5 gxf5 1/2-1/2

[Event "51st World Juniors"]
[Site "Athens GRE"]
[Date "2012.08.05"]
[Round "4.42"]
[White "Galopoulos, Nikolaos"]
[Black "Gantar, Jan"]
[Result "1-0"]
[WhiteElo "2402"]
[BlackElo "2218"]
[WhiteFideId "4208951"]
[BlackFideId "14607875"]
[EventDate "2012.08.02"]

1. d4 Nf6 2. c4 c5 3. Nf3 cxd4 4. Nxd4 e5 5. Nb5 d5 6. cxd5 Bb4+ 7. Bd2 Bc5 8.
Qc2 Na6 9. N1c3 O-O 10. a3 Nxd5 11. e3 Be6 12. Qe4 Re8 13. Qxe5 Nf6 14. Qf4 Qd7
15. Be2 Rad8 16. Bc1 Nd5 17. Qf3 Nf6 18. h3 Nb8 19. b4 Bb6 20. Na4 Bd5 21. Nxb6
axb6 22. Qf4 Bxg2 23. Rg1 Qxh3 24. Qg5 g6 25. Qxg2 Qe6 26. Bb2 Ne4 27. Qh2 f5
28. Rc1 Rc8 29. Nc7 Qd6 30. Qxd6 1-0

[Event "51st World Juniors"]
[Site "Athens GRE"]
[Date "2012.08.05"]
[Round "4.44"]
[White "Wageih, Kareim"]
[Black "Ladva, Ottomar"]
[Result "1-0"]
[WhiteTitle "IM"]
[WhiteElo "2332"]
[BlackElo "2153"]
[WhiteFideId "10604561"]
[BlackFideId "4500024"]
[EventDate "2012.08.02"]

1. d4 Nf6 2. Nf3 e6 3. e3 b6 4. Bd3 Bb7 5. O-O d5 6. b3 Bd6 7. c4 O-O 8. Nc3 a6
9. Bb2 Nbd7 10. Rc1 Qe7 11. Nd2 c5 12. Re1 Rfe8 13. Bb1 Rac8 14. Qe2 Bb8 15.
dxc5 bxc5 16. Rcd1 Qd6 17. Nf1 Qc6 18. f3 d4 19. Ne4 e5 20. Nfg3 Qc7 21. Qf2
Nxe4 22. Bxe4 Bxe4 23. fxe4 Nf6 24. Qf3 Qa5 25. Ra1 Rcd8 26. Nf5 Qb6 27. Rf1 Qc6
28. Qg3 g6 29. Qg5 Re6 30. Rf3 d3 31. Qh6 Nh5 32. Rh3 d2 33. Rd1 Qxe4 34. Rxh5
gxf5 35. Qg5+ Rg6 36. Qxd8+ Kg7 37. Rxd2 Qxe3+ 38. Kf1 Bd6 39. Re2 Qf4+ 40. Ke1 1-0

[Event "51st World Juniors"]
[Site "Athens GRE"]
[Date "2012.08.05"]
[Round "4.46"]
[White "Farid, Firman Syah"]
[Black "Lapidus, Mark"]
[Result "0-1"]
[WhiteTitle "CM"]
[WhiteElo "2318"]
[BlackElo "2129"]
[WhiteFideId "7102526"]
[BlackFideId "4502299"]
[EventDate "2012.08.02"]

1. e4 c6 2. d3 d5 3. Nd2 e5 4. Ngf3 Bd6 5. g3 Nf6 6. Bg2 O-O 7. O-O Na6 8. Re1
Re8 9. a3 dxe4 10. dxe4 Be6 11. Qe2 Nc5 12. b3 Qc7 13. Bb2 Rad8 14. h3 b5 15.
Qe3 Bc8 16. Rac1 a5 17. c3 Qb8 18. Ba1 Bc7 19. Rf1 Bb6 20. Qe2 Qa7 21. Ne1 Rxd2
22. Qxd2 Ncxe4 0-1

[Event "51st World Juniors"]
[Site "Athens GRE"]
[Date "2012.08.05"]
[Round "4.47"]
[White "Torkkola, Henri"]
[Black "Arvola, Benjamin"]
[Result "0-1"]
[WhiteElo "2123"]
[BlackElo "2300"]
[WhiteFideId "507660"]
[BlackFideId "1506536"]
[EventDate "2012.08.02"]

1. d4 Nf6 2. c4 e6 3. g3 d5 4. Nf3 Bb4+ 5. Nbd2 dxc4 6. Bg2 O-O 7. O-O a5 8.
Nxc4 b5 9. Nce5 Bb7 10. Bg5 Be4 11. Rc1 Ra6 12. Qb3 Qd5 13. Qe3 Ne8 14. Bf4 Nd6
15. Rxc7 f6 16. Nd3 Nf5 17. Qc1 Nc6 18. Be3 Bd6 19. Nf4 Qxa2 20. Rd7 Nb8 21.
Rxd6 Rxd6 22. d5 exd5 23. Ba7 Rc6 24. Qd1 Rfc8 25. g4 Ne7 26. Nd4 Bxg2 27. Kxg2
Ra6 28. Nxb5 Qc4 29. Bxb8 Qxb5 30. e4 Rxb8 31. exd5 Rd6 32. Qd4 Nxd5 33. Nh5 Qb4
34. Qa7 Qb7 35. Qc5 Ne3+ 36. Kg3 Qg2+ 37. Kf4 Qxg4+ 38. Kxe3 Re8+ 0-1

[Event "51st World Juniors"]
[Site "Athens GRE"]
[Date "2012.08.05"]
[Round "4.48"]
[White "Yurtseven, Melih"]
[Black "Brown, Andrew"]
[Result "1-0"]
[BlackTitle "IM"]
[WhiteElo "2126"]
[BlackElo "2296"]
[WhiteFideId "6312160"]
[BlackFideId "3206513"]
[EventDate "2012.08.02"]

1. e4 c5 2. Nf3 Nc6 3. Nc3 g6 4. d4 cxd4 5. Nxd4 Bg7 6. Be3 Nf6 7. Bc4 O-O 8.
Bb3 a5 9. a4 Ng4 10. Qxg4 Nxd4 11. Bxd4 Bxd4 12. Qg3 d6 13. O-O-O Bg7 14. h4 Ra6
15. Nb5 Rc6 16. h5 e6 17. c3 Qf6 18. h6 Bh8 19. f4 Qe7 20. Qf3 Bd7 21. Rd2 Rfc8
22. Kb1 Ra6 23. c4 Bxb5 24. cxb5 Raa8 25. Rhd1 Rd8 26. f5 Be5 27. Rf2 Rf8 28.
Rdf1 d5 29. Qh3 dxe4 30. fxg6 hxg6 31. Qg4 Kh7 32. Qxe4 Bh8 33. g4 Rad8 34. Bc2
f5 35. gxf5 Rxf5 36. Rxf5 gxf5 37. Rxf5 Kxh6 38. Qf4+ 1-0

[Event "51st World Juniors"]
[Site "Athens GRE"]
[Date "2012.08.05"]
[Round "4.51"]
[White "Leiva, Giuseppe"]
[Black "Kourkoulos-Arditis, Stamatis"]
[Result "1-0"]
[WhiteTitle "FM"]
[WhiteElo "2283"]
[BlackElo "2109"]
[WhiteFideId "3804399"]
[BlackFideId "4221990"]
[EventDate "2012.08.02"]

1. Nf3 Nf6 2. d4 e6 3. e3 b6 4. Bd3 Bb7 5. O-O c5 6. c4 Be7 7. Nc3 O-O 8. d5
exd5 9. cxd5 d6 10. e4 Nbd7 11. h3 a6 12. a4 Re8 13. Re1 Nf8 14. Bf4 Ng6 15. Bh2
Bf8 16. Nd2 Nd7 17. Bf1 Qf6 18. Nc4 Nge5 19. Bxe5 dxe5 20. Qb3 Rab8 21. Rad1 Bd6
22. Qc2 Bc8 23. Bd3 Nf8 24. Kh2 Ng6 25. g3 Rd8 26. Bf1 h5 27. Ne3 Ne7 28. Bd3 g6
29. h4 Kg7 30. Kg2 Ng8 31. Qe2 Nh6 32. Bxa6 Bd7 33. Bb5 Bc8 34. Rh1 Rf8 35. Nc4
Qe7 36. Rhe1 Bg4 37. f3 Bc8 38. Qe3 f6 39. Nb1 Nf7 40. Nba3 g5 41. Rh1 Kg6 42.
Qd2 f5 43. exf5+ Bxf5 44. hxg5 Nxg5 45. Nxd6 Qxd6 46. Nc4 Qf6 47. Qc3 Nxf3 48.
Qxf3 Bh3+ 49. Kxh3 Qxf3 50. Nxe5+ Kg5 51. Nxf3+ Rxf3 52. Kg2 Rb3 53. Rd2 1-0

[Event "51st World Juniors"]
[Site "Athens GRE"]
[Date "2012.08.05"]
[Round "4.52"]
[White "Nuri, Kambez"]
[Black "Vandevenne, Sander"]
[Result "1-0"]
[WhiteTitle "FM"]
[WhiteElo "2274"]
[BlackElo "2083"]
[WhiteFideId "1311433"]
[BlackFideId "223000"]
[EventDate "2012.08.02"]

1. e4 e6 2. d4 d5 3. Nc3 dxe4 4. Nxe4 Nd7 5. g3 Ngf6 6. Nxf6+ Qxf6 7. Bg2 Bd6 8.
Nf3 O-O 9. O-O e5 10. Bg5 Qg6 11. Qd2 h6 12. Be3 e4 13. Nh4 Qh7 14. f3 g5 15.
fxe4 gxh4 16. e5 Nxe5 17. dxe5 Bxe5 18. Bxh6 hxg3 19. Qg5+ Bg7 20. Rf6 gxh2+ 21.
Kxh2 Re8 22. Raf1 Re2 23. R1f3 Re5 24. Qxg7+ Qxg7 25. Bxg7 Kxg7 26. Rxf7+ Kg6
27. Rf8 Kg7 28. R3f7+ 1-0

[Event "51st World Juniors"]
[Site "Athens GRE"]
[Date "2012.08.05"]
[Round "4.54"]
[White "Papasimakopoulos, Vasilios"]
[Black "Larmuseau, Maarten"]
[Result "0-1"]
[WhiteElo "1820"]
[BlackElo "2245"]
[WhiteFideId "4244141"]
[BlackFideId "209988"]
[EventDate "2012.08.02"]

1. d4 e6 2. c4 Nf6 3. Nf3 c5 4. d5 exd5 5. cxd5 d6 6. Nc3 g6 7. Bf4 a6 8. a4 Bg7
9. h3 O-O 10. e3 Bf5 11. Nd2 Ne8 12. e4 Bc8 13. Be2 Nd7 14. O-O Ne5 15. Bh2 f5
16. Qb3 f4 17. f3 Qh4 18. Nc4 Nxc4 19. Qxc4 Bd4+ 20. Kh1 Nf6 21. Rfd1 Be5 22.
Bf1 g5 23. a5 g4 24. Qe2 gxh3 25. gxh3 Kh8 26. Na4 Bxh3 27. Bxh3 Qxh3 28. Nb6
Rae8 29. Nc4 Rg8 30. Nxe5 Rxe5 31. Rg1 Rxg1+ 32. Rxg1 Nh5 33. Qf2 Ng3+ 34. Rxg3
fxg3 35. Qxg3 Qf1+ 0-1

[Event "51st World Juniors"]
[Site "Athens GRE"]
[Date "2012.08.05"]
[Round "4.55"]
[White "Aravindh, Chithambaram VR."]
[Black "Kalofonos, Panayotis"]
[Result "1-0"]
[WhiteTitle "FM"]
[WhiteElo "2240"]
[BlackElo "1806"]
[WhiteFideId "5072786"]
[BlackFideId "4233824"]
[EventDate "2012.08.02"]

1. e4 c5 2. Nf3 d6 3. d4 cxd4 4. Nxd4 Nf6 5. Nc3 e6 6. Be3 a6 7. a4 Be7 8. Be2
O-O 9. O-O Bd7 10. f4 Nc6 11. Nb3 Na5 12. e5 Ne8 13. Nd4 d5 14. f5 Bg5 15. Qc1
Bxe3+ 16. Qxe3 Nc6 17. f6 gxf6 18. exf6 e5 19. Nxc6 bxc6 20. Qxe5 Kh8 21. Bd3
Qb6+ 22. Kh1 1-0

[Event "51st World Juniors"]
[Site "Athens GRE"]
[Date "2012.08.05"]
[Round "4.56"]
[White "Papasimakopoulos, Alexandros"]
[Black "Sodikov, Ilyas"]
[Result "0-1"]
[WhiteElo "2126"]
[BlackElo "2234"]
[WhiteFideId "4244125"]
[BlackFideId "13705490"]
[EventDate "2012.08.02"]

1. d4 Nf6 2. c4 g6 3. Nc3 Bg7 4. Bg5 O-O 5. Nf3 d6 6. e3 h6 7. Bh4 g5 8. Bg3 Nh5
9. Be2 f5 10. Nd2 Nxg3 11. hxg3 Nd7 12. Nb3 e5 13. Qd2 c6 14. O-O-O exd4 15.
exd4 a5 16. Na4 Nb6 17. Nxb6 Qxb6 18. c5 Qd8 19. cxd6 Be6 20. Nc5 Bd5 21. Bf3
Bxf3 22. gxf3 Qxd6 23. Nxb7 Qd5 24. Kb1 Rfb8 25. Nc5 Rb4 26. Qe2 Rab8 27. Rd2
Rxd4 28. Rc2 Kh8 29. Ne6 Ra4 30. Rd1 Qxa2+ 31. Kc1 Bxb2+ 32. Kd2 Bc3+ 33. Kxc3
Qa3+ 34. Kd2 Qb4+ 35. Ke3 f4+ 0-1

[Event "51st World Juniors"]
[Site "Athens GRE"]
[Date "2012.08.05"]
[Round "4.59"]
[White "Panagos, Theodoros"]
[Black "Zulfic, Fedja"]
[Result "0-1"]
[WhiteElo "1768"]
[BlackElo "2135"]
[WhiteFideId "4236955"]
[BlackFideId "3208427"]
[EventDate "2012.08.02"]

1. e4 c5 2. c3 d6 3. d4 Nf6 4. dxc5 Nc6 5. cxd6 Nxe4 6. Be3 Bf5 7. dxe7 Qxd1+ 8.
Kxd1 Bxe7 9. Nf3 O-O-O+ 10. Ke1 Bc5 11. Nbd2 Rhe8 12. Nxe4 Rxe4 13. Ng5 Re7 14.
Rd1 Rde8 15. Rd5 Bxe3 16. fxe3 Rxe3+ 17. Kf2 Bg6 18. Rd2 f6 19. Nf3 Bf7 20. Bd3
g6 21. Bb5 Kc7 22. Rhd1 R8e7 23. a3 Bb3 24. Rd7+ Kb6 25. R1d3 Kxb5 26. Rxe3 Rxd7
27. Re4 Bd5 28. a4+ Kb6 29. Rf4 Bxf3 30. Kxf3 f5 31. Kg3 Rd2 32. Rh4 h5 33. b4
Ne5 34. Kf4 Nf7 35. Ke3 Rxg2 36. h3 Rg3+ 37. Kd2 Ne5 38. a5+ Kb5 39. Rf4 Nc4+ 0-1

[Event "51st World Juniors"]
[Site "Athens GRE"]
[Date "2012.08.05"]
[Round "4.61"]
[White "Stepanyan, Henrik"]
[Black "Edwards, Jonathan"]
[Result "1-0"]
[WhiteElo "2022"]
[BlackElo "2170"]
[WhiteFideId "401030"]
[BlackFideId "2402912"]
[EventDate "2012.08.02"]

1. d4 Nf6 2. c4 e6 3. Nf3 b6 4. g3 Ba6 5. b3 Bb4+ 6. Bd2 Be7 7. Bc3 d5 8. cxd5
exd5 9. Bg2 Ne4 10. O-O O-O 11. Bb2 Nd7 12. Nbd2 Ndf6 13. Ne5 Bd6 14. Rc1 c5 15.
dxc5 Bxc5 16. b4 Bd6 17. Nc6 Qd7 18. Nxe4 dxe4 19. Bxf6 gxf6 20. Bxe4 Rac8 21.
Qd5 Rxc6 22. Rxc6 Bb7 23. Rxd6 1-0

[Event "51st World Juniors"]
[Site "Athens GRE"]
[Date "2012.08.05"]
[Round "4.62"]
[White "Davis, Ashley J"]
[Black "Liodakis, Konstantinos-Spyros"]
[Result "0-1"]
[WhiteElo "1929"]
[BlackElo "2130"]
[WhiteFideId "407798"]
[BlackFideId "4217136"]
[EventDate "2012.08.02"]

1. d4 e6 2. g3 c5 3. Nf3 Nf6 4. Bg2 Nc6 5. O-O d5 6. c4 dxc4 7. Qa4 cxd4 8. Nxd4
Qxd4 9. Bxc6+ Bd7 10. Bxd7+ Qxd7 11. Qxc4 Rc8 12. Qb3 Bc5 13. Be3 O-O 14. Bxc5
Rxc5 15. Nc3 Rh5 16. Rfd1 Qc8 17. Rac1 e5 18. Nd5 Qh3 19. Nxf6+ gxf6 20. Qxb7
Qxh2+ 21. Kf1 Qh3+ 22. Qg2 Qe6 23. Qf3 Rh6 24. b3 Rh2 25. Kg1 e4 26. Qf4 Rh5 27.
e3 Re8 28. Kf1 Rh1+ 29. Ke2 Qa6+ 30. Rc4 Qxa2+ 31. Rd2 Qb1 32. Rxe4 Qxe4 0-1

[Event "51st World Juniors"]
[Site "Athens GRE"]
[Date "2012.08.05"]
[Round "4.64"]
[White "Tsiros, Fragkiskos Vlasios"]
[Black "Carbone, Diego"]
[Result "0-1"]
[WhiteElo "1897"]
[BlackElo "2069"]
[WhiteFideId "4228200"]
[BlackFideId "3002179"]
[EventDate "2012.08.02"]

1. e4 c5 2. Nf3 e6 3. d4 cxd4 4. Nxd4 Nc6 5. Nc3 Qc7 6. Be3 a6 7. Qd2 Nf6 8.
O-O-O Bb4 9. f3 Ne5 10. Nb3 b5 11. Qe1 Rb8 12. Qg3 O-O 13. Bd4 d6 14. a3 Bxc3
15. Bxc3 Nfd7 16. h4 f6 17. h5 h6 18. Bd2 Kh8 19. f4 Nc4 20. Bb4 Nc5 21. e5 Ne4
22. Qe1 Bb7 23. exd6 Ncxd6 24. Bxd6 Nxd6 25. Qxe6 Rbc8 26. Bd3 Rfe8 27. Qg4 Re3
28. Rh3 Rxd3 29. Qxc8+ Bxc8 30. Rhxd3 Bf5 31. Rc3 Nc4 32. g3 Qf7 33. Rd8+ Kh7
34. Kb1 Qxh5 35. Ka2 Qh1 36. Nc5 Qc1 37. Na4 Bxc2 0-1

[Event "51st World Juniors"]
[Site "Athens GRE"]
[Date "2012.08.05"]
[Round "4.65"]
[White "Haria, Ravi"]
[Black "Cajahuanca Ramirez, Olindo"]
[Result "1-0"]
[WhiteElo "2054"]
[BlackElo "1856"]
[WhiteFideId "415820"]
[BlackFideId "3811530"]
[EventDate "2012.08.02"]

1. e4 c5 2. Nf3 d6 3. d4 cxd4 4. Nxd4 Nf6 5. Nc3 a6 6. Be2 e5 7. Nb3 Be6 8. f4
Be7 9. f5 Bd7 10. Bg5 O-O 11. Qd3 h6 12. Bxf6 Bxf6 13. O-O-O Bc6 14. Qxd6 Qb6
15. Nd5 Bg5+ 16. Kb1 Qf2 17. h4 Bxd5 18. hxg5 Bxb3 19. axb3 Nc6 20. Qd2 Rfd8 21.
Bd3 Qxd2 22. Rxd2 hxg5 23. Rh5 f6 24. Bc4+ Kf8 25. Bd5 Nb4 26. c4 Ke7 27. g4
Nxd5 28. cxd5 Kd6 29. Rh7 Rd7 30. Rc2 Rg8 31. Kc1 Rc7 32. Rxc7 Kxc7 33. Kd2 Kd6
34. Kc3 Kc5 35. Rh3 Rc8 36. Kd2 Kd4 37. Rc3 Rd8 38. Rc4# 1-0

[Event "51st World Juniors"]
[Site "Athens GRE"]
[Date "2012.08.05"]
[Round "4.26"]
[White "Valsecchi, Alessio"]
[Black "Muhammad, Luthfi Ali"]
[Result "1-0"]
[WhiteTitle "IM"]
[BlackTitle "CM"]
[WhiteElo "2427"]
[BlackElo "2078"]
[WhiteFideId "818860"]
[BlackFideId "7103743"]
[EventDate "2012.08.02"]

1. d4 Nf6 2. Nf3 g6 3. c4 Bg7 4. g3 O-O 5. Bg2 d6 6. O-O Nc6 7. Nc3 a6 8. Bf4
Nh5 9. Be3 e5 10. dxe5 dxe5 11. Qxd8 Nxd8 12. Nd5 Ne6 13. Ng5 Rb8 14. Ne7+ Kh8
15. Nxc8 Nxg5 16. Bxg5 Rfxc8 17. Rad1 h6 18. Be3 b6 19. b3 f5 20. c5 f4 21. Bd2
bxc5 22. Bd5 Nf6 23. Bc4 Ne4 24. Ba5 Rb5 25. Bxb5 axb5 26. f3 Nf6 27. Bc3 Re8
28. a4 c4 29. axb5 cxb3 30. Rb1 Nd5 31. Rxb3 Ne3 32. Rc1 Rd8 33. gxf4 exf4 34.
Bxg7+ Kxg7 35. Rxc7+ Kf6 36. Rc1 1-0

[Event "51st World Juniors"]
[Site "Athens GRE"]
[Date "2012.08.05"]
[Round "4.29"]
[White "Thavandiran, Shiyam"]
[Black "Shyam, Nikil P."]
[Result "1-0"]
[WhiteTitle "FM"]
[BlackTitle "IM"]
[WhiteElo "2301"]
[BlackElo "2484"]
[WhiteFideId "2605058"]
[BlackFideId "5024218"]
[EventDate "2012.08.02"]

1. Nf3 d5 2. g3 g6 3. Bg2 Bg7 4. O-O Nf6 5. c4 O-O 6. cxd5 Nxd5 7. d4 Nb6 8. Nc3
Nc6 9. d5 Na5 10. Qc2 c6 11. dxc6 Nxc6 12. Rd1 Qe8 13. Qe4 f6 14. Qc2 Qf7 15. b3
Nb4 16. Qb2 Bd7 17. Be3 Bc6 18. Bc5 Na6 19. Ba3 Rfc8 20. Rac1 f5 21. Qd2 h6 22.
Qe3 Qe8 23. Bh3 e5 24. Bd6 e4 25. Nd4 Bd7 26. a4 Rd8 27. Ndb5 Bc6 28. Nxa7 Nd5
29. Nxd5 Rxd6 30. Nxc6 bxc6 31. Nb6 Rad8 32. Rxd6 Rxd6 33. Nc4 Rd4 34. Qf4 Rd8
35. Rf1 Nc5 36. Qe3 Rd4 37. a5 Qa8 38. Qc3 Qa6 39. Qb4 Nxb3 40. Qb8+ Kh7 41. Nd6
Qxa5 42. Nxf5 gxf5 43. Qxb3 Qd5 44. Qc2 c5 45. Rc1 Bf8 46. e3 Rd3 47. Bf1 Rd2
48. Qc3 Qd6 49. Rb1 Kg6 50. Qa5 Qd8 51. Qa6+ Rd6 52. Qc4 Rd5 53. Rb7 Bg7 54. g4
fxg4 55. Qxe4+ Kf6 56. Bc4 1-0

[Event "51st World Juniors"]
[Site "Athens GRE"]
[Date "2012.08.05"]
[Round "4.31"]
[White "Bajarani, Ulvi"]
[Black "Hambleton, Aman"]
[Result "1/2-1/2"]
[WhiteTitle "IM"]
[BlackTitle "FM"]
[WhiteElo "2446"]
[BlackElo "2244"]
[WhiteFideId "13403028"]
[BlackFideId "2606577"]
[EventDate "2012.08.02"]

1. e4 e6 2. d4 d5 3. Nd2 h6 4. Ngf3 Nf6 5. Bd3 c5 6. exd5 exd5 7. O-O c4 8. Be2
Bd6 9. Re1 O-O 10. b3 cxb3 11. axb3 Nc6 12. Nf1 Ne4 13. Bd2 Bg4 14. c3 Rc8 15.
h3 Be6 16. Bd3 Na5 17. b4 Nxd2 18. N1xd2 Rxc3 19. Nb1 Bxb4 20. Nxc3 Bxc3 21.
Rxe6 fxe6 22. Rc1 Bb4 23. Bb1 Bd6 24. Qd3 Qf6 25. Qh7+ Kf7 26. h4 Nc6 27. h5 Ke7
28. Qd3 Qf4 29. Re1 Kd7 30. Qg6 Qf6 31. Qg4 Re8 32. Ba2 Kd8 33. Bb1 Re7 34. g3
Kc7 35. Bg6 Kb8 36. Kg2 Bc7 37. Re2 Bb6 38. Rd2 Ba5 39. Re2 Bb6 40. Rd2 a6 41.
Bh7 Rf7 42. Bg8 Rf8 43. Bxe6 Qxf3+ 44. Qxf3 Rxf3 45. Kxf3 Nxd4+ 46. Rxd4 Bxd4
47. Bxd5 b5 48. Ke2 Kc7 49. f3 Kd6 50. Bf7 a5 51. Kd3 Bf2 52. g4 a4 53. Be8 Kc5
54. f4 Bh4 55. Bd7 Bf6 56. Be8 Kb6 57. Bd7 Ka5 58. Be8 Be7 59. Bd7 Bd6 60. g5
Bxf4 61. gxh6 Bxh6 62. Be8 Kb4 63. Kc2 Bg5 64. Bd7 Bf6 65. Be8 Ka5 66. Kd3 b4
67. Kc4 b3 68. Bd7 1/2-1/2

[Event "51st World Juniors"]
[Site "Athens GRE"]
[Date "2012.08.05"]
[Round "4.33"]
[White "Zhou, Yang-Fan"]
[Black "Vasques, Antonio Pedro Freixial"]
[Result "1-0"]
[WhiteTitle "IM"]
[WhiteElo "2430"]
[BlackElo "2214"]
[WhiteFideId "468584"]
[BlackFideId "1908332"]
[EventDate "2012.08.02"]

1. e4 c5 2. Nf3 e6 3. d4 cxd4 4. Nxd4 Nc6 5. Nc3 Qc7 6. f4 d6 7. Be3 Nf6 8. Be2
Be7 9. O-O O-O 10. Kh1 Nxd4 11. Qxd4 e5 12. Qd2 a6 13. a4 b6 14. fxe5 dxe5 15.
Rxf6 Bxf6 16. Nd5 Qd6 17. Bxb6 Bb7 18. a5 Bd8 19. c4 Bxb6 20. axb6 Bxd5 21. exd5
Qxb6 22. b4 Rab8 23. c5 Qxb4 24. Qxb4 Rxb4 25. c6 Rd4 26. Rd1 f5 27. d6 Kf7 28.
Rxd4 exd4 29. Bc4+ Kf6 30. c7 Re8 31. Kg1 d3 32. d7 1-0

[Event "51st World Juniors"]
[Site "Athens GRE"]
[Date "2012.08.05"]
[Round "4.35"]
[White "Firat, Burak"]
[Black "Potpara, Nikola"]
[Result "1-0"]
[WhiteTitle "IM"]
[WhiteElo "2423"]
[BlackElo "2201"]
[WhiteFideId "6305881"]
[BlackFideId "910058"]
[EventDate "2012.08.02"]

1. e4 c5 2. Nf3 g6 3. d4 cxd4 4. Nxd4 Nc6 5. c4 Nf6 6. Nc3 Nxd4 7. Qxd4 d6 8.
Be3 Bg7 9. Be2 O-O 10. Qd2 a5 11. O-O a4 12. Rab1 Qa5 13. f3 Be6 14. Rfc1 Rfc8
15. b4 axb3 16. axb3 Qb4 17. Rc2 Nd7 18. Nb5 Qxd2 19. Rxd2 Ne5 20. h3 Nc6 21. f4
f5 22. Bf3 h5 23. exf5 Bxf5 24. Re1 h4 25. Bf2 Bf6 26. Nd4 Nxd4 27. Bxd4 Bxd4+
28. Rxd4 Rc7 29. Rd5 Kf7 30. Rb5 Bd7 31. Rg5 Bf5 32. Bg4 Bc2 33. Rb5 Ra3 34. Re3
e5 35. fxe5 dxe5 36. Bf3 Kg7 37. c5 e4 38. Bxe4 Re7 39. Rxb7 Rxb7 40. Bxb7 Rxb3
41. Rxb3 Bxb3 42. c6 Bd5 43. Ba8 1-0

[Event "51st World Juniors"]
[Site "Athens GRE"]
[Date "2012.08.05"]
[Round "4.39"]
[White "Gemy, Jose Daniel"]
[Black "Kvaratskhelia, Dimitri"]
[Result "1-0"]
[WhiteTitle "FM"]
[WhiteElo "2345"]
[BlackElo "2093"]
[WhiteFideId "3301478"]
[BlackFideId "13604295"]
[EventDate "2012.08.02"]

1. d4 d5 2. c4 e6 3. Nc3 Be7 4. Nf3 Nf6 5. g3 c6 6. Bg2 O-O 7. O-O Nbd7 8. b3 b6
9. Bb2 Ba6 10. Nd2 Rc8 11. a4 Bb4 12. e4 Bxc3 13. Bxc3 dxe4 14. Qe2 Nd5 15. Nxe4
f5 16. Nd6 Nxc3 17. Qxe6+ Kh8 18. Nxc8 Bxc8 19. Rfe1 Nf6 20. Qe7 Nce4 21. Qxd8
Rxd8 22. a5 Rxd4 23. axb6 axb6 24. Ra8 Rd8 25. Rb8 c5 26. f3 Nc3 27. Re3 Na2 28.
Re7 Rg8 29. Rc7 Be6 30. Rxb6 Re8 31. Rxc5 f4 32. Re5 Bf7 33. Rxe8+ Nxe8 34. Bh3
g5 35. c5 Nc3 36. c6 Nd5 37. Rb7 Nec7 38. b4 h5 39. Bd7 Kg7 40. b5 Kf6 41. Rxc7
Nxc7 42. b6 Nd5 43. b7 1-0